| 000 | 00743nam a2200205 a 4500 | ||
|---|---|---|---|
| 008 | 140910s2000 ||||||||||||||||| || u | ||
| 020 | _a0807004456 | ||
| 050 | _a363.7057 Bey | ||
| 100 | _aFung, Archon | ||
| 245 | 1 | 0 |
_aBeyond backyard environmentalism _cCharles Sabel ; Archon Fung ; Bradley Karkkainen |
| 260 |
_aBoston _bBeacon Press _c2000 |
||
| 300 | _axiv, 117p. | ||
| 490 | _aENVIRONMENTAL PROTECTION | ||
| 490 | _aENVIRONMENTAL POLICY | ||
| 490 | _aSOCIAL RESPONSIBILITY OF CORPORATIONS | ||
| 500 | _aAmerican Library | ||
| 700 | _aSabel, Charles | ||
| 700 | _aKarkkainen, Bradley | ||
| 995 |
_aAMERICAN CORNER _e0103635 _FCBU-DAG HAMMARSKJOLD INSTITUTE LIBRARY _j363.7057 Bey _M1 _UAVAILABLE _WSep 10, 2014 _y0103635 _ZAmerican Collection |
||
| 999 |
_c125 _d125 |
||